000 00998cam a2200277 a 4500
001 17073161
005 20180122081716.0
008 111206s2012 dcua b 000 0 eng d
010 _a 2011944906
016 7 _a016055808
_2Uk
020 _a1928896782
020 _a9781928896784
035 _a(OCoLC)ocn778792729
040 _aZCK
_cZCK
_dYDXCP
_dBWX
_dKUT
_dAU@
_dMHW
_dGPM
_dUKMGB
_dTXI
_dDLC
041 _aeng
042 _alccopycat
080 _a372.21072 PER
082 0 4 _a372.21072 PER
_222
100 1 _a47
101 _aEDU
245 1 0 _aOur inquiry, our practice :
_cGail Perry, Barbara Henderson, and Daniel R. Meier, editors.
504 _aIncludes bibliographical references (p. 203-207).
906 _a7
_bcbc
_ccopycat
_d2
_encip
_f20
_gy-gencatlg
942 _2ddc
_cBK
999 _c40677
_d40677